Statistics for Keeper of the Lost Cities A-Z

Click here to take the quiz!

General Stats

  • This quiz has been taken 208 times
  • The average score is 20 of 26

Answer Stats

HintAnswer% Correct
F: Sophie’s ex-boyfriend, a telepath who got thrown up on in the first bookFitz Vacker
94%
N: Main enemy group, former leader was Fintan PyrenNeverseen
94%
K: Mischievous boy who joined the Neverseen and his plan failed, also a huge source of comedyKeefe Sencen
93%
L: The Girl Of Many FloodsLinh Song
92%
T: A very powerful Shade who was a captive of the NeverseenTam Song
91%
O: Councillor who is found out to be Sophie’s motherOralie
90%
S: Glitter ButtSilveny
90%
E: Sophie’s latest ability, the ability to improve powersEnhancer
88%
M: A very powerful ability, only Grady has itMesmer
88%
V: Ability to go invisibleVanisher
88%
C: All you have to do for this is snap and it appearsConjurer
86%
I: Sophie and Councillor Bronte have this ability, and it is a little bit in Mr. ForkleInflictor
86%
X: The oldest child in the Dizznee family backwardsXed
85%
P: Ability to walk through wallsPhaser
84%
Y: The healing bottle people drinkYouth
81%
H: Can control water and Linh is the only known oneHydrokinetic
78%
J: Kid who talks a lot and introduced himself to Sophie when everyone else was scared toJensi Babblos
75%
U: Powerful Neverseen shade who died at EverglenUmber
75%
Q: Sophie faced a Tribunal after illegally bottling itQuintessence
73%
R: The first Psionipath until Maruca manifestedRuy
73%
D: These can see potential, like Councillor TerikDescryer
72%
B: Someone who can convince someone to do something, like Councillor AlinaBeguiler
71%
W: One of Silveny and Greyfell’s kidsWynn
66%
G: A mysterious teen who betrayed the NeverseenGlimmer
61%
Z: The teacher who helped Tam control shadowfluxZillah
37%
A: A type of ability that can send down electricity- also called a chargerAstrakinetic
14%

Score Distribution

Percentile by Number Answered

Percent of People with Each Score

Your Score History

You have not taken this quiz